Thi pháp thơ đường

Trình bày những tiền đề lịch sử và lí luận của việc nghiên cứu thi pháp thơ Đường, những thành tựu và tiến trình phát triển. Những đặc trưng của thi pháp thơ đường: Phong cốt và hứng ký, hứng tượng và vận vị, thời gian và không gian...

Descrizione completa

Salvato in:
Dettagli Bibliografici
Autore principale: Nguyễn, Đình Phức
Altri autori: Đại học Quốc Tp. Hồ Chí Minh
Natura: Libro
Lingua:Undetermined
Pubblicazione: Tp. Hồ Chí Minh Đại học Quốc gia Tp.HCM 2013
Soggetti:
Accesso online:http://lrc.tdmu.edu.vn/opac/search/detail.asp?aID=2&ID=21749
Tags: Aggiungi Tag
Nessun Tag, puoi essere il primo ad aggiungerne! !
Thư viện lưu trữ: Trung tâm Học liệu Trường Đại học Thủ Dầu Một
LEADER 01246nam a2200217Ia 4500
001 TDMU_21749
008 210410s9999 xx 000 0 und d
082 |a 895.1 
090 |b NG527 
100 |a Nguyễn, Đình Phức 
245 0 |a Thi pháp thơ đường 
245 0 |c Nguyễn Đình Phức 
260 |a Tp. Hồ Chí Minh 
260 |b Đại học Quốc gia Tp.HCM 
260 |c 2013 
300 |a 294tr. 
520 |a Trình bày những tiền đề lịch sử và lí luận của việc nghiên cứu thi pháp thơ Đường, những thành tựu và tiến trình phát triển. Những đặc trưng của thi pháp thơ đường: Phong cốt và hứng ký, hứng tượng và vận vị, thời gian và không gian nghệ thuật; TM tài liệu tham khảo tr.276-294; NV Thơ Đường trong nhà trường phổ thông 
650 |a Thi pháp thơ đường; Văn học Trung Quốc  |x Nghiên cứu 
700 |a Đại học Quốc Tp. Hồ Chí Minh 
856 |u http://lrc.tdmu.edu.vn/opac/search/detail.asp?aID=2&ID=21749 
980 |a Trung tâm Học liệu Trường Đại học Thủ Dầu Một